| 000 | 00784nas a2200241 4500 | ||
|---|---|---|---|
| 001 | BR8903083 | ||
| 003 | BR-BrBNA | ||
| 005 | 20231205091617.0 | ||
| 007 | ta | ||
| 008 | 230509b bl.|||p| |||| 00| 00por d | ||
| 040 |
_aBR-BrBNA _bpor _cBiblioteca Nacional de Agricultura |
||
| 041 | _a(Pt) | ||
| 072 | _aH20 | ||
| 100 | 1 | _aSilva Junior, A.A. | |
| 100 | 1 | _aYokoyama, S. | |
| 245 | 1 |
_aRepolho: novas cultivares de verao _bEm busca de alto rendimento, uniformidade de maturacao, excelente vigor e qualidade comercial |
|
| 650 | _aREPOLHO | ||
| 650 | _aPODRIDAO NEGRA | ||
| 650 | _aCONDICAO AMBIENTAL | ||
| 773 | 0 |
_tAgropecuaria Catarinense (Brazil) _xISSN 0103-0779 _g(Sep 1988), v. 1(3) p. 47-49 _wBR8903083 |
|
| 909 |
_a202311 _bLúcia _c55 _dLúcia Elande |
||
| 942 |
_2AGRIS _n0 _cANA |
||
| 999 |
_c126156 _d126156 |
||